| Tag |
First Indicator |
Second Indicator |
Subfields |
| LEADER |
00000cam a2200000 a 4500 |
| 001 |
in00000070584 |
| 005 |
20151008061823.0 |
| 008 |
810409s1977 gw b 00110 germ |
| 010 |
|
|
|a 81463096
|
| 015 |
|
|
|a GFR77-A
|
| 020 |
|
|
|a 3484102764
|
| 035 |
|
|
|a (OCoLC)03094564
|
| 035 |
|
|
|9 AAJ8893AM
|
| 039 |
0 |
|
|a 2
|b 3
|c 3
|d 3
|e 3
|
| 040 |
|
|
|a DLC
|c DLC
|d m.c.
|d TXA
|d UtOrBLW
|
| 043 |
|
|
|a e-ur---
|
| 049 |
|
|
|a TXAM
|c [800375]
|
| 050 |
0 |
0 |
|a PF3460
|b .H16
|
| 082 |
0 |
|
|a 435
|2 19
|
| 100 |
1 |
|
|a Häusermann, Jürg.
|
| 245 |
1 |
0 |
|a Phraseologie :
|b Hauptprobleme der deutschen Phraseologie auf der Basis sowjetischer Forschungsergebnisse /
|c Jurg Hausermann.
|
| 250 |
|
|
|a 1. Aufl.
|
| 264 |
|
1 |
|a Tubingen :
|b Niemeyer,
|c 1977.
|
| 300 |
|
|
|a x, 134 pages ;
|c 24 cm.
|
| 336 |
|
|
|a text
|b txt
|2 rdacontent
|
| 337 |
|
|
|a unmediated
|b n
|2 rdamedia
|
| 338 |
|
|
|a volume
|b nc
|2 rdacarrier
|
| 490 |
1 |
|
|a Linguistische Arbeiten,
|v 47
|
| 500 |
|
|
|a Includes index.
|
| 504 |
|
|
|a Bibliography: pages 121-130.
|
| 650 |
|
0 |
|a German language
|x Idioms.
|
| 650 |
|
0 |
|a German language
|v Terms and phrases.
|
| 650 |
|
0 |
|a Linguistics
|x Research
|z Soviet Union.
|
| 830 |
|
0 |
|a Linguistische Arbeiten (Max Niemeyer Verlag) ;
|v 47.
|
| 999 |
|
|
|a MARS
|
| 999 |
f |
f |
|s ebe28024-0066-3663-89c3-ae368d09a151
|i 2c613956-0294-3a92-933d-725d9315fb07
|t 0
|
| 952 |
f |
f |
|p ric
|a Texas A&M University
|b Rellis Campus
|c Joint Library Facility
|d Remote Storage
|t 0
|e PF3460 .H16
|h Library of Congress classification
|i unmediated -- volume
|m A14806175127
|
| 998 |
f |
f |
|a PF3460 .H16
|t 0
|l Remote Storage
|